Normal view
MARC view
Entry Personal Name
001 - CONTROL NUMBER
- control field: 28108
003 - CONTROL NUMBER IDENTIFIER
- control field: ARRUPE
005 - DATE AND TIME OF LATEST TRANSACTION
- control field: 20161220082740.0
008 - FIXED-LENGTH DATA ELEMENTS
- fixed length control field: 161220|| aca||aabn | a|a d
040 ## - CATALOGING SOURCE
- Original cataloging agency: ARRUPE
- Transcribing agency: ARRUPE
100 ## - HEADING--PERSONAL NAME
- Personal name: Sasson, Jack M
670 ## - SOURCE DATA FOUND
- Source citation: Work cat.: (ARRUPE)20759: Sasson, Jack M, Jonah : a new translation with introduction , commentary and interpretations